|
|
|
|
| LEADER |
03156nas a2200709 i 4500 |
| 001 |
nkc20193124803 |
| 003 |
CZ PrNK |
| 005 |
20260216082642.0 |
| 007 |
ta |
| 008 |
190828d20172019xr ar 0 b0cze |
| 040 |
|
|
|a OLA001
|b cze
|d BOA001
|d ABA001
|e rda
|
| 041 |
1 |
|
|a cze
|a eng
|h cze
|
| 043 |
|
|
|a e-xr---
|b e-xr-pg
|2 czenas
|
| 045 |
|
|
|a y1y2
|
| 072 |
|
7 |
|a 027
|x Univerzální knihovny. Veřejné knihovny. Soukromé knihovny
|2 Konspekt
|9 12
|
| 080 |
|
|
|a 027.52
|2 MRF
|
| 080 |
|
|
|a 027.4/.5
|2 MRF
|
| 080 |
|
|
|a 021
|2 MRF
|
| 080 |
|
|
|a (437.311)
|2 MRF
|
| 080 |
|
|
|a (047.1)
|2 MRF
|
| 110 |
2 |
|
|a Městská knihovna (Praha, Česko)
|7 kn20010709068
|4 aut
|
| 245 |
1 |
0 |
|a Athene :
|b výroční zpráva Městské knihovny v Praze za rok ... = Athene : ... annual report of the Municipal Library in Prague /
|c překlad: HT International s.r.o.
|
| 246 |
3 |
|
|a Výroční zpráva Městské knihovny v Praze za rok ...
|
| 246 |
3 |
|
|a Annual report of the Municipal Library in Prague...
|
| 246 |
3 |
|
|a Městská knihovna v Praze - výroční zpráva
|
| 246 |
3 |
|
|a Municipal Library in Prague - annual report
|
| 264 |
|
1 |
|a [Praha] :
|b Městská knihovna v Praze,
|c 2017-2019
|
| 300 |
|
|
|a 3 svazky ;
|c 30 cm
|
| 310 |
|
|
|a 1x ročně
|
| 336 |
|
|
|a text
|b txt
|2 rdacontent
|
| 337 |
|
|
|a bez média
|b n
|2 rdamedia
|
| 338 |
|
|
|a svazek
|b nc
|2 rdacarrier
|
| 362 |
0 |
|
|a 2016-2018
|
| 500 |
|
|
|a Součástí podnázvu je označení kalendářního roku
|
| 500 |
|
|
|a Jednotlivé svazky mají ISBN
|
| 500 |
|
|
|a Od ročníku 2019 pouze online na www.mlp.cz
|
| 541 |
|
|
|c pv-r
|
| 546 |
|
|
|a Česky se souběžným anglickým překladem
|
| 610 |
2 |
7 |
|a Městská knihovna (Praha, Česko)
|7 kn20010709068
|2 czenas
|
| 648 |
|
7 |
|a 2011-2020
|7 ch460589
|2 czenas
|
| 648 |
|
7 |
|a 21. století
|7 ch460559
|2 czenas
|
| 650 |
0 |
7 |
|a městské knihovny
|7 ph123103
|z Česko
|y 21. století
|2 czenas
|
| 650 |
0 |
7 |
|a veřejné knihovny
|7 ph116570
|z Česko
|y 21. století
|2 czenas
|
| 650 |
0 |
7 |
|a činnost knihoven
|7 ph168257
|z Česko
|y 21. století
|2 czenas
|
| 650 |
0 |
9 |
|a municipal libraries
|z Czechia
|y 21st century
|2 eczenas
|
| 650 |
0 |
9 |
|a public libraries
|z Czechia
|y 21st century
|2 eczenas
|
| 650 |
0 |
9 |
|a activities of libraries
|z Czechia
|y 21st century
|2 eczenas
|
| 651 |
|
7 |
|a Praha (Česko)
|7 ge118011
|2 czenas
|
| 651 |
|
9 |
|a Prague (Czechia)
|2 eczenas
|
| 655 |
|
7 |
|a výroční zprávy
|7 fd133860
|2 czenas
|
| 655 |
|
9 |
|a annual reports
|2 eczenas
|
| 710 |
2 |
2 |
|a Městská knihovna (Praha, Česko).
|t Výroční zpráva (Městská knihovna (Praha, Česko))
|7 kon2006374362
|
| 710 |
2 |
2 |
|a Městská knihovna (Praha, Česko).
|t Výroční zpráva (Městská knihovna (Praha, Česko)).
|l Anglicky
|7 kon20191047951
|
| 710 |
2 |
|
|a HT International (firma)
|7 osa20191022515
|4 trl
|
| 780 |
0 |
0 |
|t Výroční zpráva Městské knihovny v Praze za rok ...
|
| 902 |
|
|
|a 978-80-7602-141-9
|q (2016 ;
|q v knize neuvedeno ;
|q brožováno)
|
| 902 |
|
|
|a 978-80-7602-285-0
|q (2017 ;
|q brožováno)
|
| 910 |
2 |
|
|a BOA001
|b 05919-1437.265
|s 2016-18
|
| 990 |
|
|
|a SE
|
| 995 |
|
|
|a 11
|
| 991 |
|
|
|b 202001
|
| 996 |
6 |
|
|b 2610810596
|c 05919-1437.265
|d 2018
|v 2018
|y 2018
|l MZK
|r DEP / do 15 dnů
|n 0
|p p.v.
|w 001775789
|u 000010
|a 240
|e BOA001
|j MZK50
|s P
|